Statistics for NBA: Highest Scoring Teams' Top 5 Scorers: 2010s

Click here to take the quiz!

General Stats

  • This quiz has been taken 312 times
  • The average score is 32 of 50

Answer Stats

TeamPlayerPPG% Correct
'19-'20 Milwaukee BucksGiannis Antetokounmpo29.5
100%
'18-'19 Milwaukee BucksGiannis Antetokounmpo27.7
100%
'15-'16 Golden State WarriorsStephen Curry30.1
99%
'16-'17 Golden State WarriorsStephen Curry25.3
99%
'17-'18 Golden State WarriorsStephen Curry26.4
99%
'14-'15 Golden State WarriorsStephen Curry23.8
99%
'18-'19 Milwaukee BucksKhris Middleton18.3
98%
'19-'20 Milwaukee BucksKhris Middleton20.5
98%
'17-'18 Golden State WarriorsKlay Thompson20.0
98%
'15-'16 Golden State WarriorsKlay Thompson22.1
98%
'16-'17 Golden State WarriorsKlay Thompson22.3
98%
'14-'15 Golden State WarriorsKlay Thompson21.7
98%
'17-'18 Golden State WarriorsDraymond Green11.0
96%
'14-'15 Golden State WarriorsDraymond Green11.7
96%
'16-'17 Golden State WarriorsDraymond Green10.2
96%
'15-'16 Golden State WarriorsDraymond Green14.0
96%
'17-'18 Golden State WarriorsKevin Durant26.4
95%
'16-'17 Golden State WarriorsKevin Durant25.1
95%
'13-'14 Los Angeles ClippersChris Paul19.1
93%
'13-'14 Los Angeles ClippersBlake Griffin24.1
92%
'10-'11 Denver NuggetsCarmelo Anthony25.2
90%
'19-'20 Milwaukee BucksBrook Lopez12.0
89%
'18-'19 Milwaukee BucksBrook Lopez12.5
89%
'12-'13 Denver NuggetsAndre Iguodala13.0
77%
'16-'17 Golden State WarriorsAndre Iguodala7.6
77%
'15-'16 Golden State WarriorsHarrison Barnes11.7
71%
'14-'15 Golden State WarriorsHarrison Barnes10.1
71%
'19-'20 Milwaukee BucksEric Bledsoe14.9
62%
'18-'19 Milwaukee BucksEric Bledsoe15.9
62%
'13-'14 Los Angeles ClippersJJ Redick15.2
55%
'13-'14 Los Angeles ClippersJamal Crawford18.6
51%
'12-'13 Denver NuggetsTy Lawson16.7
40%
'11-'12 Denver NuggetsTy Lawson16.4
40%
'10-'11 Denver NuggetsChauncey Billups16.5
39%
'12-'13 Denver NuggetsDanilo Gallinari16.2
36%
'10-'11 Denver NuggetsDanilo Gallinari14.7
36%
'11-'12 Denver NuggetsDanilo Gallinari14.6
36%
'18-'19 Milwaukee BucksMalcolm Brogdon15.6
34%
'19-'20 Milwaukee BucksGeorge Hill9.4
25%
'12-'13 Denver NuggetsWilson Chandler13.0
23%
'10-'11 Denver NuggetsNenê14.5
21%
'11-'12 Denver NuggetsNenê13.4
21%
'14-'15 Golden State WarriorsMarreese Speights10.4
15%
'15-'16 Golden State WarriorsMarreese Speights7.1
15%
'11-'12 Denver NuggetsArron Afflalo15.2
13%
'10-'11 Denver NuggetsArron Afflalo12.6
13%
'17-'18 Golden State WarriorsQuinn Cook9.5
8%
'11-'12 Denver NuggetsAl Harrington14.2
5%
'13-'14 Los Angeles ClippersDarren Collison11.4
5%
'12-'13 Denver NuggetsCorey Brewer12.1
4%

Score Distribution

Percentile by Number Answered

Percent of People with Each Score

Your Score History

You have not taken this quiz